MARC

LEADER 00000nam0a2200000 4500
001 292673
005 20231102000523.0
020 |a RU  |b 83-77273 
035 |a (RuTPU)RU\TPU\book\317309 
090 |a 292673 
100 |a 20150424d1983 k y0rusy5003 ca 
101 0 |a rus 
102 |a RU 
105 |a a z 001zy 
200 1 |a Параллельные вычислительные системы с общим управлением  |f И. В. Прангишвили, С. Я. Виленкин, И. Л. Медведев 
210 |a Москва  |c Энергоатомиздат  |d 1983 
215 |a 312 с.  |c ил. 
320 |a Библиогр.: с. 302-307 
606 1 |a Вычислительные системы мультипроцессорные  |2 stltpush  |3 (RuTPU)RU\TPU\subj\4371  |9 32653 
610 1 |a вычислительные системы 
610 1 |a ЭВМ 
610 1 |a параллельные вычислительные системы 
610 1 |a многопроцессорные системы 
610 1 |a компьютерные языки 
610 1 |a вычислительные методы 
610 1 |a линейная алгебра 
610 1 |a численные методы 
610 1 |a данные 
675 |a 681.325.5  |v 3 
700 1 |a Прангишвили  |b И. В.  |g Ивери Варламович 
701 1 |a Виленкин  |b С. Я.  |g Сергей Яковлевич 
701 1 |a Медведев  |b И. Л.  |g Израиль Львович 
801 0 |a RU  |b RuMRKP  |c 19950704  |g psbo 
801 1 |a RU  |b 63413507  |c 20150424 
801 2 |a RU  |b 63413507  |c 20180406  |g RCR 
942 |c BK